| 000 | 00609nam a2200217Ii 4500 | ||
|---|---|---|---|
| 003 | JO-AjNU | ||
| 008 | 230606s9999||||xx |||||||||||||| ||und|| | ||
| 020 | _a978-93-5014-126-7 | ||
| 040 |
_aJO-AjNU _beng _erda _cJO-AjNU |
||
| 041 | _aeng | ||
| 050 | 1 | 4 | _aQA76.76.C65.P36.2011 |
| 100 | 3 |
_aADdesh,pandey, _eauthor _92775 |
|
| 245 | 0 | 0 | _aConcepts Of Compiler Design |
| 250 | _a6 ed | ||
| 264 | 3 | 1 | _aNew Delhi:s.k,2011 |
| 300 | _a426p | ||
| 336 |
_atext _btxt _2rdacontent |
||
| 337 |
_aunmediated _bn _2rdamedia |
||
| 338 |
_avolume _bnc _2rdacarrier |
||
| 650 | 4 |
_a Compilers (Computer programs). _92776 |
|
| 999 |
_aE1453 _c1453 _d1453 |
||